Home Print Resources E-Books E-Journals IIMT Lecture Series Library Membership Form Book Recommendation Form Campus Tour Take AdmissionAbout Us Contact Us

BASIC AND APPLIED PSYCHOLOGY FOR NURSES (Record no. 67145)

000 -LEADER
fixed length control field 00340nam a22001337a 4500
008 - FIXED-LENGTH DATA ELEMENTS--GENERAL INFORMATION
fixed length control field 260311b |||||||| |||| 00| 0 eng d
020 ## - ISBN
International Standard Book Number 9789395736534
040 ## - CATALOGING SOURCE
Original cataloging agency IIMT University College of Nursing (073)
100 ## - MAIN ENTRY--PERSONAL NAME
Personal name GANDHI , SAILAXMI
245 ## - TITLE STATEMENT
Title BASIC AND APPLIED PSYCHOLOGY FOR NURSES
260 ## - PUBLICATION, DISTRIBUTION, ETC. (IMPRINT)
Place of publication, distribution, etc WOLTERS KLUWER
Name of publisher, distributor, etc R LAL MEERUT
Date of publication, distribution, etc 11/3/26
300 ## - PHYSICAL DESCRIPTION
Pages 319
942 ## - ADDED ENTRY ELEMENTS (KOHA)
Koha item type Book Bank
952 ## - LOCATION AND ITEM INFORMATION (KOHA)
-- 2026-03-11
952 ## - LOCATION AND ITEM INFORMATION (KOHA)
-- 2026-03-11
952 ## - LOCATION AND ITEM INFORMATION (KOHA)
-- 2026-03-11
952 ## - LOCATION AND ITEM INFORMATION (KOHA)
-- 2026-03-11
952 ## - LOCATION AND ITEM INFORMATION (KOHA)
-- 2026-03-11
Holdings
Withdrawn status Lost status Source of classification or shelving scheme Damaged status Not for loan Location (home branch) Sublocation or collection (holding branch) Date acquired Source of Acquisition Cost Normal purchase price Koha issues (times borrowed) Accession No. Koha date last seen Koha item type
          IIMT University College of Nursing (073) IIMT University College of Nursing (073) 03/11/2026 R LAL MEERUT 659.00   03-B-7407 03/11/2026 Text-Book- for 7 days
          IIMT University College of Nursing (073) IIMT University College of Nursing (073) 03/11/2026 R LAL MEERUT 659.00   03-B-7408 03/11/2026 Text-Book- for 7 days
          IIMT University College of Nursing (073) IIMT University College of Nursing (073) 03/11/2026 R LAL MEERUT 659.00   03-B-7409 03/11/2026 Text-Book- for 7 days
          IIMT University College of Nursing (073) IIMT University College of Nursing (073) 03/11/2026 R LAL MEERUT 659.00   03-B-7410 03/11/2026 Text-Book- for 7 days
          IIMT University College of Nursing (073) IIMT University College of Nursing (073) 03/11/2026 R LAL MEERUT 659.00   03-B-7411 03/11/2026 Text-Book- for 7 days
IIMT, Central Library. All Rights Reserved IIMT,UNIVERSITY © 2023
Implemented and Customised by I CLOUDE EMS
You Are OPAC Visitor No
free web counter

Powered by Koha